<?xml version="1.0" encoding="UTF-8"?>
<record
    xmlns:xsi="http://www.w3.org/2001/XMLSchema-instance"
    xsi:schemaLocation="http://www.loc.gov/MARC21/slim http://www.loc.gov/standards/marcxml/schema/MARC21slim.xsd"
    xmlns="http://www.loc.gov/MARC21/slim">

  <leader>00297nam a2200085Ia 4500</leader>
  <controlfield tag="008">160715s9999    xx            000 0 und d</controlfield>
  <datafield tag="245" ind1=" " ind2=" ">
    <subfield code="a">2013 National Teachers Month</subfield>
  </datafield>
  <datafield tag="260" ind1=" " ind2=" ">
    <subfield code="b">Philippine Daily Inquirer</subfield>
    <subfield code="c">September 9, 2013</subfield>
  </datafield>
  <datafield tag="856" ind1=" " ind2=" ">
    <subfield code="u">http://newsinfo.inquirer.net/484281/2013-national-teachers-month</subfield>
  </datafield>
  <datafield tag="999" ind1=" " ind2=" ">
    <subfield code="c">297744</subfield>
    <subfield code="d">297744</subfield>
  </datafield>
  <datafield tag="952" ind1=" " ind2=" ">
    <subfield code="0">0</subfield>
    <subfield code="1">0</subfield>
    <subfield code="4">0</subfield>
    <subfield code="a">A</subfield>
    <subfield code="b">A</subfield>
    <subfield code="c">AR</subfield>
    <subfield code="d">2016-07-15</subfield>
    <subfield code="l">0</subfield>
    <subfield code="r">2016-07-15 00:00:00</subfield>
    <subfield code="w">2016-07-15</subfield>
    <subfield code="y">SV</subfield>
  </datafield>
</record>
